000
00301nam a2200121Ia 4500
008
191201s2014 xx 000 0 und d
100
_a
BALLANEY, P.L
245
0
_a
Theory of Machines and Mechanisms
260
_a
N. delhi
_b
Khanna Pub
_c
2014
300
_a
1348
650
_a
B.Tech(ME)
942
_2
ddc
_c
BK
999
_c
6150
_d
6150